000 00289nam a22001337a 4500
008 180814b xxu||||| |||| 00| 0 eng d
020 _a9780547168548
041 _aeng
080 _a541
100 _a12
101 _akim
245 _aexperimental chemistry
_chall.j
942 _2udc
_cBK
999 _c47083
_d47083